[Event "36th Olympiad w"]
[Site "Calvia ESP"]
[Date "2004.10.16"]
[Round "2"]
[White "Pourkashiyan,A"]
[Black "Partac,E"]
[Result "1-0"]
[WhiteElo "2217"]
[BlackElo "2259"]
[EventDate "2004.10.15"]

1. e4 c5 2. Nf3 Nc6 3. d4 cxd4 4. Nxd4 g6 5. c4 Bg7 6. Be3 Nf6 7. Nc3 O-O
8. Be2 b6 9. O-O Bb7 10. f3 e6 11. Qd2 d5 12. Nxc6 Bxc6 13. cxd5 exd5 14.
e5 Ne8 15. f4 Nc7 16. Bf3 f6 17. exf6 Bxf6 18. Rad1 Qd7 19. f5 gxf5 20. Bd4
Rad8 21. Bxf6 Rxf6 22. Qg5+ Qg7 23. Qh4 Rd7 24. Rd3 Rh6 25. Bh5 Qf6 26. Qh3
f4 27. Qg4+ Qg7 28. Qxf4 Ne6 29. Qf5 Nf8 30. Nxd5 Bxd5 31. Rxd5 Rhd6 32.
Rxd6 Rxd6 33. Bf7+ Kh8 34. Bc4 Rd8 35. b3 Ng6 36. Kh1 Rf8 37. Qd3 Rxf1+ 38.
Qxf1 h6 39. h3 Nh4 40. Qf2 Qa1+ 41. Kh2 Qe5+ 42. Qg3 Qg5 43. Qxg5 hxg5 44.
Bd3 Kg7 45. Be4 Kf6 46. g3 Nf5 47. Bxf5 Kxf5 48. Kg2 Ke4 49. Kf2 Kd3 50.
Kf3 1-0

[Event "36th Olympiad w"]
[Site "Calvia ESP"]
[Date "2004.10.16"]
[Round "2"]
[White "Smokina,K"]
[Black "Navabi,S"]
[Result "1/2-1/2"]
[WhiteElo "2267"]
[BlackElo "2107"]
[EventDate "2004.10.15"]

1. c4 f5 2. Nc3 Nf6 3. Nf3 e6 4. d4 Bb4 5. Qc2 O-O 6. Bf4 b6 7. e3 Bb7 8.
Bd3 Ne4 9. h3 d6 10. O-O Bxc3 11. bxc3 Qe7 12. a4 a5 13. Rab1 Kh8 14. Bh2
Nd7 15. Nd2 Nxd2 16. Qxd2 e5 17. f4 exf4 18. Bxf4 Be4 19. Qc2 Rae8 20. Bxe4
Qxe4 21. Qxe4 Rxe4 22. Rb5 h6 23. Rf3 Kh7 24. Bg3 g6 25. c5 c6 26. Rb1 dxc5
27. dxc5 bxc5 28. Bd6 Rf7 29. Rf4 Rxe3 30. Rc4 Re4 31. Rxe4 fxe4 32. Re1
Nf6 33. Bxc5 Nd5 34. Rxe4 Nxc3 35. Rc4 Nd5 36. Bf2 Nb4 37. Bb6 Rf5 38. Bxa5
Rxa5 39. Rxb4 Kg7 40. Kf2 1/2-1/2

[Event "36th Olympiad w"]
[Site "Calvia ESP"]
[Date "2004.10.16"]
[Round "2"]
[White "Vega Gutierrez,S"]
[Black "Reizniece,D"]
[Result "0-1"]
[WhiteElo "2225"]
[BlackElo "2278"]
[EventDate "2004.10.15"]

1. e4 c5 2. Nf3 e6 3. d4 cxd4 4. Nxd4 Nf6 5. Nc3 d6 6. Be3 Be7 7. f4 Nc6 8.
Qf3 e5 9. Nf5 Bxf5 10. exf5 Qa5 11. O-O-O O-O 12. Bc4 Rac8 13. Bb3 b5 14.
g4 b4 15. Nd5 Nxd5 16. Rxd5 Qc7 17. fxe5 Nxe5 18. Qf4 a5 19. Rhd1 h6 20. h4
Bxh4 21. Rxd6 a4 22. Bxa4 Nc4 23. Rc6 Qxc6 24. Bxc6 Nxe3 25. Qe4 Nxd1 26.
Kxd1 Rc7 27. c4 bxc3 28. bxc3 Rfc8 29. Bb7 Rb8 30. Bd5 Rxc3 31. Bxf7+ Kh8
32. Bb3 Rd8+ 33. Ke2 Bg5 34. Qb1 Rd2+ 35. Ke1 Rh2 36. Bd1 Bh4+ 37. Kf1 Rf2+
38. Kg1 Rg3+ 39. Kh1 Rf1+ 40. Kh2 Rf2+ 41. Kh1 Re3 42. Bc2 Rd2 43. Qb8+ Bd8
44. Qb1 Bb6 45. Qf1 Ree2 0-1

[Event "36th Olympiad w"]
[Site "Calvia ESP"]
[Date "2004.10.16"]
[Round "2"]
[White "Erneste,I"]
[Black "Llaneza Vega,P"]
[Result "1-0"]
[WhiteElo "2310"]
[BlackElo "2181"]
[EventDate "2004.10.15"]

1. e4 c5 2. Nf3 Nc6 3. d4 cxd4 4. Nxd4 Nf6 5. Nc3 e5 6. Ndb5 d6 7. Bg5 a6
8. Na3 b5 9. Nd5 Be7 10. Bxf6 Bxf6 11. c3 Ne7 12. Nxf6+ gxf6 13. Be2 Bb7
14. Bf3 Qb6 15. Nc2 d5 16. Qe2 f5 17. exf5 e4 18. Bg4 h5 19. Bh3 Nc6 20.
Qe3 Qxe3+ 21. fxe3 Ne5 22. O-O f6 23. Nd4 Nc4 24. a4 Nxe3 25. Rf2 Nc4 26.
axb5 axb5 27. Rxa8+ Bxa8 28. Rf1 O-O 29. b3 Ne5 30. Nxb5 Rb8 31. Nd4 Bc6
32. Kf2 Rc8 33. Ra1 Be8 34. Ne2 Bf7 35. Ke3 h4 36. Kd2 Rb8 37. Kc2 Rc8 38.
Nd4 Nd3 39. g3 Nf2 40. Bf1 h3 41. Be2 Re8 42. b4 Kg7 43. Ra7 Kg8 44. b5 Rb8
45. Kd2 Be8 46. Ke3 Nd3 47. Bxd3 exd3 48. Ra5 1-0

[Event "36th Olympiad w"]
[Site "Calvia ESP"]
[Date "2004.10.16"]
[Round "2"]
[White "Trujillo Delgado,D"]
[Black "Rogule,L"]
[Result "0-1"]
[WhiteElo "2155"]
[BlackElo "2295"]
[EventDate "2004.10.15"]

1. e4 c5 2. Nf3 d6 3. d4 cxd4 4. Nxd4 Nf6 5. Nc3 a6 6. Be2 e5 7. Nb3 Be7 8.
Bg5 Nbd7 9. Qd3 O-O 10. O-O-O b5 11. h4 Bb7 12. a3 Rc8 13. f3 Qc7 14. g4
Rfd8 15. Nd5 Bxd5 16. exd5 Nxd5 17. Rd2 N5f6 18. h5 Nb6 19. Qf5 Nc4 20.
Bxf6 Bxf6 21. Bd3 h6 22. Re2 d5 23. Qh7+ Kf8 24. f4 e4 25. Bxc4 bxc4 26.
Nd2 Qxf4 27. c3 Qxg4 28. Ree1 Bg5 29. Rh2 Ke7 30. Kc2 Bxd2 0-1

[Event "36th Olympiad w"]
[Site "Calvia ESP"]
[Date "2004.10.16"]
[Round "2"]
[White "Kovalevskaya,E"]
[Black "Velikhanli,F"]
[Result "1-0"]
[WhiteElo "2471"]
[BlackElo "2322"]
[EventDate "2004.10.15"]

1. e4 c5 2. Nf3 g6 3. d4 Bg7 4. d5 d6 5. Be2 Nf6 6. Nc3 O-O 7. O-O Na6 8.
h3 Rb8 9. Re1 Nc7 10. a4 a6 11. Bf4 b5 12. axb5 Nxb5 13. Bxb5 axb5 14. e5
Ne8 15. Qd2 b4 16. Ne4 Bb7 17. Rad1 dxe5 18. Bxe5 Rc8 19. Bxg7 Nxg7 20. g4
f6 21. Qh6 Rf7 22. Neg5 fxg5 23. Nxg5 Ne8 24. Nxf7 Kxf7 25. Qxh7+ Ng7 26.
Re6 Qg8 27. Qxg6+ Kf8 28. Re4 Bxd5 29. Rf4+ Bf7 30. Qh6 Re8 31. Rd7 Ra8 32.
Rd3 e6 33. Rd7 Ke8 34. Rdxf7 Ra1+ 35. Kh2 Qxf7 36. Qh8+ Ke7 37. Rxf7+ Kxf7
38. Qc8 Rc1 39. Qxc5 b3 40. Qa7+ Kg6 41. cxb3 Rc2 42. Qd4 1-0

[Event "36th Olympiad w"]
[Site "Calvia ESP"]
[Date "2004.10.16"]
[Round "2"]
[White "Shukurova,M"]
[Black "Kosintseva,N"]
[Result "0-1"]
[WhiteElo "2281"]
[BlackElo "2446"]
[EventDate "2004.10.15"]

1. e4 c5 2. Nf3 d6 3. d4 cxd4 4. Nxd4 a6 5. Nc3 e6 6. g3 Nf6 7. Bg2 Be7 8.
O-O Qc7 9. h3 Nc6 10. Nde2 b5 11. a3 O-O 12. Be3 Ne5 13. Bd4 Bb7 14. f4
Ned7 15. g4 e5 16. Be3 Nb6 17. Qd3 Nfd7 18. Ng3 exf4 19. Bxf4 Ne5 20. Qe2
Ng6 21. Be3 d5 22. Nf5 dxe4 23. Nxe4 Rae8 24. Qf2 Nc4 25. Bd4 Bxe4 26. Bxe4
Bh4 27. Nxh4 Rxe4 28. Nxg6 hxg6 29. Rae1 Rfe8 30. Rxe4 Rxe4 31. Re1 Rxe1+
32. Qxe1 Qf4 33. Bc3 Qf3 34. Qf2 Qxh3 35. Qd4 Qe3+ 36. Kg2 Qxd4 37. Bxd4 f6
38. Kf3 Kf7 39. Bc3 Ke6 40. Bd4 Kd5 41. Bc3 a5 42. a4 bxa4 43. b3 axb3 44.
cxb3 Ne5+ 0-1

[Event "36th Olympiad w"]
[Site "Calvia ESP"]
[Date "2004.10.16"]
[Round "2"]
[White "Polgar,Z"]
[Black "Cmilyte,V"]
[Result "1/2-1/2"]
[WhiteElo "2567"]
[BlackElo "2442"]
[EventDate "2004.10.15"]

1. Nf3 Nf6 2. c4 e6 3. g3 c5 4. Nc3 b6 5. Bg2 Bb7 6. O-O Be7 7. Re1 d5 8.
cxd5 exd5 9. d4 O-O 10. b3 Ne4 11. Bb2 Nc6 12. dxc5 Bxc5 13. e3 Bb4 14. Qd3
Qf6 15. Na4 Qf5 16. Red1 Rfd8 17. Rac1 Bf8 18. a3 Rd6 19. Qe2 Re8 20. Nc3
Rdd8 21. Nb5 Qd7 22. Nbd4 Na5 23. Nd2 Nc5 24. b4 Ba6 25. b5 Bb7 26. Bc3 Ne6
27. Qg4 Nxd4 28. Qxd4 Qxb5 29. Rb1 Qd7 30. Bxa5 bxa5 31. Qxa7 Bc6 32. Qxa5
Ra8 33. Qb6 Rxa3 34. Nf3 Ba8 35. Nd4 Rc8 36. Rdc1 g6 37. h4 Rac3 38. Rxc3
Rxc3 39. Kh2 h5 40. Qa5 Ra3 41. Qb6 Ra2 42. Qf6 Qd6 43. Qxd6 Bxd6 44. Kg1
Kg7 45. Nb5 Be5 46. Rd1 Ra5 47. Bxd5 Rxb5 48. Bxa8 Ra5 49. Rd5 Ra1+ 1/2-1/2

[Event "36th Olympiad w"]
[Site "Calvia ESP"]
[Date "2004.10.16"]
[Round "2"]
[White "Dzagnidze,N"]
[Black "Cedikova,K"]
[Result "1-0"]
[WhiteElo "2484"]
[BlackElo "2263"]
[EventDate "2004.10.15"]

1. Nf3 Nf6 2. b3 g6 3. Bb2 Bg7 4. g3 O-O 5. Bg2 d6 6. d4 Nbd7 7. O-O e5 8.
c4 Re8 9. e3 e4 10. Nfd2 Nf8 11. Nc3 Bf5 12. f3 exf3 13. Qxf3 Ng4 14. Nd5
Ne6 15. h3 Ng5 16. Qe2 Nh6 17. g4 Bd7 18. Rae1 c6 19. Nf4 f5 20. gxf5 Nxf5
21. Qf2 Rf8 22. Kh2 Qe7 23. e4 Nh6 24. Qg3 c5 25. Nd5 Qd8 26. Rxf8+ Kxf8
27. Qxd6+ Kg8 28. e5 Ne6 29. Nf6+ Bxf6 30. exf6 Nf7 31. Qg3 cxd4 32. Bd5
Qxf6 33. Ne4 Qd8 34. Re2 d3 35. Rf2 d2 36. Nxd2 Qg5 37. Qf3 Ne5 38. Qf6
Qxf6 39. Rxf6 Nd3 40. Bc3 Re8 41. Ne4 Re7 42. Ng5 Ndc5 43. b4 h6 44. Rxg6+
Kf8 45. Rxh6 Ke8 46. bxc5 1-0

[Event "36th Olympiad w"]
[Site "Calvia ESP"]
[Date "2004.10.16"]
[Round "2"]
[White "Blazkova,P"]
[Black "Javakhishvili,L"]
[Result "1/2-1/2"]
[WhiteElo "2214"]
[BlackElo "2423"]
[EventDate "2004.10.15"]

1. e4 c5 2. Nf3 e6 3. d4 cxd4 4. Nxd4 a6 5. Nc3 b5 6. Be3 Bb7 7. f3 Nf6 8.
g4 h6 9. Qd2 d6 10. O-O-O Nbd7 11. Kb1 b4 12. Nce2 d5 13. exd5 Nxd5 14. Nf4
Nxf4 15. Bxf4 Bd5 16. Bd3 Qb6 17. Qe2 Be7 18. Nf5 exf5 19. Rhe1 O-O 20.
Qxe7 Nf6 21. Bxf5 Qa5 22. b3 Bxf3 23. Bc7 Qb5 24. Re5 Nd5 25. Rdxd5 Bxd5
26. Bd7 Qb7 27. Qd6 Bg2 28. g5 h5 29. g6 fxg6 30. Qxg6 Rf1+ 31. Kb2 Qxc7
32. Re8+ Rxe8 33. Qxe8+ Kh7 34. Qxh5+ Kg8 35. Qe8+ Kh7 36. Qh5+ Kg8 37.
Qe8+ 1/2-1/2

[Event "36th Olympiad w"]
[Site "Calvia ESP"]
[Date "2004.10.16"]
[Round "2"]
[White "Arribas,M"]
[Black "Koneru,H"]
[Result "0-1"]
[WhiteElo "2325"]
[BlackElo "2503"]
[EventDate "2004.10.15"]

1. e4 g6 2. d4 Bg7 3. Nf3 d6 4. Nc3 a6 5. a4 b6 6. Be2 e6 7. O-O Nd7 8. Bg5
Ne7 9. Qd2 h6 10. Be3 Bb7 11. Rad1 Nf6 12. e5 Nfd5 13. Nxd5 Nxd5 14. Bd3 g5
15. exd6 cxd6 16. c4 Nxe3 17. Qxe3 O-O 18. Bb1 Qf6 19. d5 exd5 20. cxd5
Qxb2 21. Qe7 Rab8 22. Qxd6 Rbd8 23. Qe7 Bxd5 24. h3 Qf6 25. Qa3 Qc3 26. Qe7
Bf6 27. Qa7 Bc4 28. Qxb6 Rb8 29. Qd6 Rfd8 30. Qg3 Bxf1 31. Rxf1 Qc4 32. Bf5
Qxa4 33. Nh2 Qf4 34. Ng4 Bg7 0-1

[Event "36th Olympiad w"]
[Site "Calvia ESP"]
[Date "2004.10.16"]
[Round "2"]
[White "Harika,D"]
[Black "Marrero,Y"]
[Result "1/2-1/2"]
[WhiteElo "2391"]
[BlackElo "2272"]
[EventDate "2004.10.15"]

1. Nf3 d5 2. d4 Nf6 3. c4 dxc4 4. e3 e6 5. Bxc4 a6 6. a4 c5 7. O-O Nc6 8.
Qe2 Qc7 9. Nc3 Bd6 10. Bd2 O-O 11. Rac1 b6 12. h3 Bb7 13. Bd3 Rfd8 14. Ne4
Nxe4 15. Bxe4 Qe7 16. Bc3 cxd4 17. exd4 Nb4 18. Bxb4 Bxb4 19. Bc6 Rac8 20.
Ne5 Rxd4 21. Qf3 Bd6 22. Bxb7 Rxc1 23. Rxc1 Bxe5 24. Rc8+ Rd8 25. Qc6 Rxc8
26. Qxc8+ Qf8 27. b4 Qxc8 28. Bxc8 a5 29. bxa5 bxa5 30. Kf1 Kf8 31. Ke2 Ke7
32. Ba6 f5 33. Bd3 g5 34. g4 Kf6 35. f3 Bd4 36. Bc2 Ke5 37. Bb3 h6 38. Bc4
Bc5 39. Bb3 Bb6 40. Ba2 Bc5 1/2-1/2

[Event "36th Olympiad w"]
[Site "Calvia ESP"]
[Date "2004.10.16"]
[Round "2"]
[White "Sharevich,A"]
[Black "Dworakowska,J"]
[Result "0-1"]
[WhiteElo "2266"]
[BlackElo "2393"]
[EventDate "2004.10.15"]

1. Nf3 Nf6 2. c4 g6 3. Nc3 Bg7 4. d4 O-O 5. e4 d6 6. Bg5 Bg4 7. Be2 Nfd7 8.
O-O Nc6 9. Be3 e5 10. dxe5 Bxf3 11. Bxf3 dxe5 12. Ne2 Qe7 13. Rc1 Nc5 14.
Bxc5 Qxc5 15. Qd5 Qe7 16. c5 Rfd8 17. Qb3 Rab8 18. g3 Bh6 19. Rc2 Qd7 20.
Bg2 Qd3 21. Qxd3 Rxd3 22. f4 Rbd8 23. a3 a5 24. Nc3 Nd4 25. Rcf2 exf4 26.
gxf4 Bf8 27. Na4 Nb3 28. f5 Nxc5 29. Nc3 Bg7 30. f6 Bh6 31. Kh1 c6 32. Rf3
Rxf3 33. Bxf3 0-1

[Event "36th Olympiad w"]
[Site "Calvia ESP"]
[Date "2004.10.16"]
[Round "2"]
[White "Zielinska,Mar"]
[Black "Popova,N"]
[Result "1-0"]
[WhiteElo "2395"]
[BlackElo "2246"]
[EventDate "2004.10.15"]

1. f4 c5 2. Nf3 Nc6 3. g3 d6 4. Bg2 g6 5. d3 Bg7 6. c3 Nf6 7. Na3 O-O 8.
O-O Rb8 9. e4 b5 10. Bd2 b4 11. Nc4 Bb7 12. e5 dxe5 13. fxe5 Nd5 14. Qe2
Nc7 15. Ng5 h6 16. Ne4 Ne6 17. Bh3 Bc8 18. Nf2 bxc3 19. bxc3 Na5 20. Ne3
Rb2 21. Ned1 Rc2 22. Ne3 Rb2 23. Rfb1 Rxb1+ 24. Rxb1 Nc6 25. Nc4 Qc7 26.
Re1 Kh7 27. Bg2 Bb7 28. Ng4 Ncd8 29. Nge3 Bxg2 30. Qxg2 Nc6 31. h4 Qd7 32.
Qe4 Ned8 33. Rf1 Qh3 34. Be1 Qe6 35. h5 Kg8 36. hxg6 fxg6 37. Rxf8+ Kxf8
38. d4 Qf7 39. d5 Nb8 40. Bf2 Nd7 41. e6 Nf6 42. Qb1 Qe8 43. Ne5 g5 44. c4
Kg8 45. Qb8 Kh7 46. Nf5 Ne4 47. Nxg7 Kxg7 48. Nf7 Qa4 49. Qxd8 Qd1+ 50. Kg2
Nxf2 51. Qh8+ Kg6 52. Qxh6+ Kf5 53. Qxg5+ Ke4 54. Qf4+ 1-0

[Event "36th Olympiad w"]
[Site "Calvia ESP"]
[Date "2004.10.16"]
[Round "2"]
[White "Siti,Z"]
[Black "Repkova,E"]
[Result "1/2-1/2"]
[WhiteElo "2162"]
[BlackElo "2410"]
[EventDate "2004.10.15"]

1. e4 d5 2. exd5 Qxd5 3. Nc3 Qa5 4. d4 c6 5. Bc4 Bf5 6. Bd2 Nf6 7. Nd5 Qd8
8. Nxf6+ gxf6 9. c3 e6 10. Ne2 Nd7 11. Ng3 Bg6 12. Qf3 Nb6 13. Bb3 Be7 14.
Bh6 a5 15. a4 Nd5 16. O-O Qb6 17. Qd1 O-O-O 18. Re1 Rhg8 19. Bxd5 Rxd5 20.
Qe2 Qb3 21. Red1 Rgd8 22. h4 c5 23. h5 cxd4 24. hxg6 d3 25. Qf3 hxg6 26.
Rd2 g5 27. Bg7 g4 28. Qd1 Qc4 29. Bh6 f5 30. Nf1 Qc7 31. g3 Rh8 32. Be3 Qc6
33. f3 Bc5 34. Bxc5 Qxc5+ 35. Kg2 f4 36. fxg4 fxg3 37. Qf3 f5 38. g5 f4 39.
Re1 Rxg5 40. Qxf4 Rf8 41. Qe3 Rf2+ 42. Kg1 1/2-1/2

[Event "36th Olympiad w"]
[Site "Calvia ESP"]
[Date "2004.10.16"]
[Round "2"]
[White "Pokorna,Reg"]
[Black "Nur Shazwani,Z"]
[Result "1-0"]
[WhiteElo "2370"]
[BlackElo "2062"]
[EventDate "2004.10.15"]

1. e4 e6 2. d4 d5 3. Nd2 Nf6 4. e5 Nfd7 5. Bd3 c5 6. c3 Nc6 7. Ne2 cxd4 8.
cxd4 f6 9. exf6 Nxf6 10. O-O Bd6 11. Nf3 O-O 12. Bf4 Bxf4 13. Nxf4 Qd6 14.
g3 Bd7 15. Re1 Rae8 16. Ne5 Bc8 17. Rc1 Re7 18. a3 g6 19. Qa4 Rc7 20. Rc3
g5 21. Ng2 Nd7 22. Nxc6 bxc6 23. Qc2 Nf6 24. Qe2 Rcf7 25. Qe5 Qxe5 26. Rxe5
h6 27. f4 Ng4 28. Re1 Bd7 29. Bc2 Nf6 30. b4 Kg7 31. Ba4 c5 32. Bxd7 cxd4
33. Rd3 Rxd7 34. Rxe6 Rc7 35. Rxd4 Ne4 36. Rd1 Rc3 37. Re5 Rxa3 38. Rexd5
Rf7 39. Re1 Nf6 40. Rd4 Rb3 41. Ne3 Rb7 42. Nf5+ Kg6 43. fxg5 Kxg5 44. Rf1
R7xb4 45. h4+ Kg6 46. Ne7+ Kg7 47. Rxb4 Rxb4 48. Rxf6 Rb7 49. Nd5 Rd7 50.
Rf5 a5 51. Ne3 Re7 52. Kf2 Ra7 53. Nc4 a4 54. Ra5 Rf7+ 55. Kg2 Re7 56. Rxa4
Re4 57. Kf3 Re7 58. Ne3 Rf7+ 59. Kg4 Rb7 60. Nf5+ Kh7 61. Re4 Rb6 62. Re7+
Kg6 63. h5+ Kf6 64. Re4 Kf7 65. Rd4 Ra6 66. Rd6 Ra4+ 67. Kh3 Ra5 68. g4
Ra3+ 69. Kh4 Ra1 70. Nxh6+ Kg7 71. Nf5+ Kf7 72. Kg5 Ra8 73. Rd7+ Ke6 74.
Re7+ Kd5 75. h6 Rg8+ 76. Rg7 1-0

[Event "36th Olympiad w"]
[Site "Calvia ESP"]
[Date "2004.10.16"]
[Round "2"]
[White "Roslina,M"]
[Black "Hagarova,Z"]
[Result "0-1"]
[WhiteElo "2028"]
[BlackElo "2351"]
[EventDate "2004.10.15"]

1. d4 Nf6 2. Nf3 e6 3. c4 c5 4. Nc3 cxd4 5. Nxd4 Bb4 6. Bd2 O-O 7. a3 Bxc3
8. Bxc3 Ne4 9. Qc2 d5 10. e3 Re8 11. Nf3 Nd7 12. Be2 Ndf6 13. h3 Bd7 14.
Bd4 Rc8 15. Bxf6 Nxf6 16. O-O dxc4 17. Ne5 b5 18. Rfd1 Qc7 19. Nxd7 Nxd7
20. a4 a6 21. Rac1 Nc5 22. axb5 axb5 23. Qc3 Nb3 24. Rb1 Qc5 25. Rd7 Red8
26. Rbd1 Rxd7 27. Rxd7 h6 28. Bd1 b4 29. Qe1 Qb5 30. Ra7 c3 31. bxc3 bxc3
32. Bc2 Nd2 33. Qa1 g6 34. Ra8 Rxa8 35. Qxa8+ Kg7 36. Qa1 Qb2 37. Qd1 e5
38. f3 Nc4 39. Ba4 Nxe3 0-1

[Event "36th Olympiad w"]
[Site "Calvia ESP"]
[Date "2004.10.16"]
[Round "2"]
[White "Mongontuul,B"]
[Black "Ortiz,Na"]
[Result "1-0"]
[WhiteElo "2345"]
[BlackElo "2148"]
[EventDate "2004.10.15"]

1. e4 e5 2. Nf3 Nc6 3. Bb5 Bc5 4. O-O Nd4 5. Nxd4 Bxd4 6. c3 Bb6 7. d4 c6
8. Ba4 d6 9. Na3 Nf6 10. d5 Bd7 11. Bg5 h6 12. Bxf6 Qxf6 13. Nc4 Bc7 14.
dxc6 bxc6 15. Qd3 O-O 16. Rad1 Rfd8 17. Ne3 Rab8 18. Rd2 Qf4 19. b3 f5 20.
Qc4+ Kh8 21. Bxc6 Bxc6 22. Qxc6 Bb6 23. g3 Qg5 24. h4 Qf6 25. Nxf5 Rbc8 26.
Qb5 Rxc3 27. Rfd1 Rc5 28. Qe2 Rc6 29. b4 Bd4 30. Nxd4 exd4 31. Rxd4 Rdc8
32. R4d2 Rc1 33. Qd3 Qe5 34. Qd5 Qa1 35. Qxd6 Rxd1+ 36. Rxd1 Qxa2 37. e5
Qe2 38. Qd7 Rf8 39. Rf1 Qxe5 40. Qxa7 Rb8 41. Qc5 Qb2 42. Rd1 Qe2 43. Rd7
Qe1+ 44. Kh2 Qe4 45. b5 Ra8 46. b6 1-0

[Event "36th Olympiad w"]
[Site "Calvia ESP"]
[Date "2004.10.16"]
[Round "2"]
[White "Palao,M"]
[Black "Anhchimeg,B"]
[Result "1/2-1/2"]
[WhiteElo "2128"]
[BlackElo "2235"]
[EventDate "2004.10.15"]

1. d4 Nf6 2. c4 e6 3. Nc3 Bb4 4. e3 O-O 5. Bd3 d5 6. Nge2 c5 7. O-O Nbd7 8.
a3 Bxc3 9. Nxc3 Qe7 10. Rb1 Rd8 11. cxd5 exd5 12. Qf3 Nf8 13. dxc5 Qxc5 14.
Nb5 Ng6 15. Qg3 Ne4 16. Qc7 Bd7 17. Bxe4 Qxb5 18. Bxg6 hxg6 19. Bd2 Bf5 20.
Rbc1 Qxb2 21. Qc3 Qxc3 22. Bxc3 Rac8 23. Bd4 Rc4 24. Rc3 b6 25. Rfc1 Rdc8
26. Kf1 Kf8 27. Ke1 Ke7 28. Kd2 f6 29. h3 g5 30. f3 Kd6 31. Ra1 Rxc3 32.
Bxc3 Kc5 33. Rc1 Kb5 34. Bb4 Rxc1 35. Kxc1 Bd3 36. Bf8 g6 37. Be7 f5 38.
Bxg5 Bf1 39. g4 Bxh3 40. gxf5 Bxf5 41. Kb2 Kc4 42. Bf6 Kd3 43. Bd4 g5 44.
Bf6 Kxe3 45. Bxg5+ Kd3 46. Bf4 Ke2 47. Bb8 d4 48. Kc1 a6 49. Bf4 Kxf3 50.
Bc7 b5 51. Kd2 Ke4 52. Bg3 Kd5 53. Bh4 Kc4 54. Bg5 1/2-1/2

[Event "36th Olympiad w"]
[Site "Calvia ESP"]
[Date "2004.10.16"]
[Round "2"]
[White "Andriasian,S"]
[Black "Castillo,Di"]
[Result "1-0"]
[WhiteElo "2206"]
[BlackElo "2043"]
[EventDate "2004.10.15"]

1. e4 c5 2. Nf3 Nc6 3. Bb5 g6 4. c3 a6 5. Bxc6 dxc6 6. d3 Bg7 7. O-O Qc7 8.
Be3 b6 9. d4 cxd4 10. cxd4 Nf6 11. Nc3 O-O 12. Rc1 Qb7 13. Qc2 Be6 14. Na4
Rab8 15. Ne5 Rfc8 16. f4 Ng4 17. Nxg4 Bxg4 18. f5 gxf5 19. exf5 Bh5 20. Qf2
f6 21. Bf4 Ra8 22. Qh4 Be2 23. Rfe1 Bd3 24. Qg4 Rf8 25. Re3 Bb5 26. Rg3 Rf7
27. Bh6 e5 28. dxe5 fxe5 29. f6 Rxf6 30. Qxg7+ Qxg7 31. Bxg7 Rg6 32. Nxb6
Rxg3 33. hxg3 Rb8 34. a4 Be2 35. Nd7 Rb7 36. Nxe5 Kxg7 37. Rc2 Bd1 38. Rxc6
Bxa4 39. Rxa6 Bc2 40. Nc4 Bd3 41. Rb6 Re7 42. Nd2 Re1+ 43. Kh2 Re2 44. Nf3
Rc2 45. Ne1 1-0

[Event "36th Olympiad w"]
[Site "Calvia ESP"]
[Date "2004.10.16"]
[Round "2"]
[White "Mira,H"]
[Black "Munoz,Ca"]
[Result "1-0"]
[WhiteElo "2158"]
[BlackElo "2091"]
[EventDate "2004.10.15"]

1. Nf3 c5 2. c4 Nc6 3. d4 cxd4 4. Nxd4 Nf6 5. g3 g6 6. Bg2 Bg7 7. Nc3 O-O
8. Nc2 d6 9. O-O Bd7 10. Bf4 a6 11. Qd2 Qc7 12. c5 Ne5 13. cxd6 exd6 14.
Ne3 Bc6 15. Rac1 Rad8 16. Ncd5 Nxd5 17. Nxd5 Qd7 18. Rfd1 Rfe8 19. Bg5 Rb8
20. Nf6+ Bxf6 21. Bxf6 Ng4 22. Bh3 Qf5 23. Bd4 Qd5 24. Rxc6 bxc6 25. Bxg4
f5 26. Bf3 Qb5 27. Bc3 Qb6 28. Qg5 Re6 29. Qf4 d5 30. Rxd5 cxd5 31. Bxd5
Rb7 32. Qe5 Rbe7 33. Qh8+ Kf7 34. Bf6 Qd6 35. Bxe7 Kxe7 36. Qxh7+ Kd8 37.
Bxe6 Qxe6 38. Qh4+ 1-0

[Event "36th Olympiad w"]
[Site "Calvia ESP"]
[Date "2004.10.16"]
[Round "2"]
[White "Hernandez,Ya"]
[Black "Bjerke,S"]
[Result "1-0"]
[WhiteElo "2248"]
[BlackElo "2142"]
[EventDate "2004.10.15"]

1. d4 d5 2. Nf3 c6 3. c4 e6 4. g3 Nf6 5. Bg2 Be7 6. O-O O-O 7. Nc3 Nbd7 8.
b3 b6 9. Qc2 Bb7 10. Rd1 Rc8 11. e4 Nxe4 12. Nxe4 dxe4 13. Qxe4 Ba8 14. Qe2
Qc7 15. Bf4 Bd6 16. Bxd6 Qxd6 17. c5 Qe7 18. Rac1 Nf6 19. Ne5 Nd5 20. Re1
Bb7 21. h4 Rfd8 22. Bh3 Nc7 23. cxb6 axb6 24. Nxc6 Bxc6 25. Rxc6 Rxd4 26.
Qe5 Qd7 27. Bg2 f6 28. Qe3 Rd6 29. Qxb6 Rxc6 30. Qxc6 Qxc6 31. Bxc6 e5 32.
Rd1 Kf8 33. b4 Rb8 34. b5 Ne6 35. Rd7 Nd4 36. a4 Rc8 37. Bd5 Rc1+ 38. Kg2
Ra1 39. b6 1-0

[Event "36th Olympiad w"]
[Site "Calvia ESP"]
[Date "2004.10.16"]
[Round "2"]
[White "Berntsen,S"]
[Black "Garcia Garcia,E"]
[Result "1-0"]
[WhiteElo "2118"]
[BlackElo "2051"]
[EventDate "2004.10.15"]

1. e4 c5 2. Nf3 d6 3. c3 Nf6 4. h3 g6 5. Bd3 Bg7 6. O-O O-O 7. Bc2 Nc6 8.
a4 e5 9. Na3 Nh5 10. d3 Kh8 11. Nc4 Bd7 12. Be3 Qe7 13. d4 cxd4 14. cxd4
Rfd8 15. d5 Nb4 16. Bb1 Be8 17. Qd2 Na6 18. Rc1 Rdc8 19. b4 b5 20. axb5
Bxb5 21. Na3 Rxc1+ 22. Qxc1 Bd7 23. Qc4 Nb8 24. Qc7 Qe8 25. Qb7 Nc6 26.
dxc6 Bxc6 27. Qa6 Nf6 28. Nc4 Bxe4 29. Nxd6 Qc6 30. Bxe4 1-0

[Event "36th Olympiad w"]
[Site "Calvia ESP"]
[Date "2004.10.16"]
[Round "2"]
[White "Guerrero Rodriguez,Alej"]
[Black "Ferkingstad,G"]
[Result "1/2-1/2"]
[WhiteElo "2102"]
[BlackElo "2035"]
[EventDate "2004.10.15"]

1. e4 Nf6 2. e5 Nd5 3. d4 d6 4. Nf3 Bg4 5. Bc4 e6 6. exd6 Bxd6 7. O-O Bxf3
8. Qxf3 Qh4 9. h3 Qxd4 10. Bxd5 Qxd5 11. Qg4 Nc6 12. Nc3 Qe5 13. f4 Qd4+
14. Kh1 O-O-O 15. Rd1 Qc4 16. Be3 h5 17. Qf3 f5 18. a3 h4 19. Qf2 Kb8 20.
Bd4 Nxd4 21. Rxd4 Qc6 22. Qe2 Be7 23. Rc4 Qa6 24. b3 Bf6 25. Qe3 Rd6 26.
Re1 Rhd8 27. a4 Qb6 28. Qxb6 axb6 29. Kg1 Rd2 30. Ne2 g5 31. fxg5 Bxg5 32.
Nf4 Bxf4 33. Rxf4 Rxc2 34. Rxe6 Rg8 35. Rf2 Rc3 36. Rxf5 Rxb3 37. Ref6 Ka7
38. Rf7 Rb1+ 39. Rf1 Rb2 40. R1f2 Rb1+ 41. Rf1 Rxf1+ 42. Kxf1 c5 43. Rf4
Rh8 44. Ke2 Ka6 45. Kd3 Rd8+ 46. Kc4 Rd4+ 47. Rxd4 cxd4 48. Kxd4 Ka5 49. g4
hxg3 50. Ke3 g2 51. Kf2 g1=Q+ 52. Kxg1 Kxa4 53. h4 b5 54. h5 b4 55. h6 b3
56. h7 b2 57. h8=Q b1=Q+ 58. Kf2 Qc2+ 59. Ke3 Qc1+ 60. Ke2 b5 61. Qa8+ Kb3
62. Qf3+ Qc3 63. Qh5 b4 64. Kd1 Qc2+ 65. Ke1 Kb2 66. Qa5 b3 67. Qa4 Kb1 68.
Qb4 Ka1 69. Qa4+ Qa2 70. Qd4+ b2 71. Kd2 Qa5+ 72. Kc2 Qf5+ 73. Kb3 Qf3+ 74.
Kc2 Qe2+ 75. Kb3 Qb5+ 76. Kc2 Qc6+ 77. Kd2 Qc1+ 78. Ke2 Kb1 79. Qb4 Qc7 80.
Qd4 Qa5 81. Kd1 Qh5+ 82. Kd2 Qh2+ 83. Kd1 Qc2+ 84. Ke1 Qc1+ 85. Ke2 Qc2+
86. Ke1 Qb3 87. Kd2 Qc2+ 88. Ke1 1/2-1/2

[Event "36th Olympiad w"]
[Site "Calvia ESP"]
[Date "2004.10.16"]
[Round "2"]
[White "Ptacnikova,L"]
[Black "Koskoska,G"]
[Result "0-1"]
[WhiteElo "2257"]
[BlackElo "2242"]
[EventDate "2004.10.15"]

1. c4 Nf6 2. g3 c6 3. Bg2 d5 4. Nf3 Bf5 5. cxd5 Nxd5 6. d3 Bg6 7. O-O e6 8.
Nc3 Be7 9. Bd2 Nd7 10. a3 Bf6 11. Rc1 O-O 12. b4 N7b6 13. Qb3 Nxc3 14. Bxc3
Bxc3 15. Rxc3 Nd5 16. Rc5 a6 17. Ne5 Qd6 18. d4 Nf6 19. Nxg6 hxg6 20. e3
Nd7 21. Rc3 Nf6 22. Rfc1 e5 23. dxe5 Qxe5 24. Rc5 Qe7 25. a4 Ne4 26. R5c2
Nd6 27. Bf1 Rac8 28. Bd3 Kh7 29. h4 f5 30. Kg2 Rcd8 31. Be2 Rd7 32. Bf3 Ne4
33. Qb2 Rfd8 34. b5 axb5 35. axb5 c5 36. b6 Nd2 37. Bxb7 Rxb7 38. Rxd2 Rxd2
39. Qxd2 Rxb6 40. Qd5 Rd6 41. Qf3 Qe5 42. Rb1 c4 43. Rb8 Rd5 44. Rc8 Rc5
45. Rd8 c3 46. Qa8 Qe4+ 47. Qxe4 fxe4 48. Rd1 g5 49. hxg5 Kg6 50. g4 Kxg5
51. Kg3 c2 52. Rc1 Kf6 53. Kf4 Rc4 54. g5+ Ke6 55. f3 exf3+ 56. Kxf3 Ke5
57. Ke2 Ke4 58. Kd2 g6 0-1

[Event "36th Olympiad w"]
[Site "Calvia ESP"]
[Date "2004.10.16"]
[Round "2"]
[White "Sekulovska,V"]
[Black "Gretarsdottir,L"]
[Result "1/2-1/2"]
[WhiteElo "2164"]
[BlackElo "2057"]
[EventDate "2004.10.15"]

1. d4 d5 2. c4 c6 3. cxd5 cxd5 4. Bf4 Nf6 5. Nc3 Nc6 6. e3 Bf5 7. Nf3 e6 8.
Bb5 Nd7 9. O-O Rc8 10. Qe2 Be7 11. Rfd1 a6 12. Bxc6 Rxc6 13. e4 dxe4 14.
Ne5 Nxe5 15. Bxe5 f6 16. Bg3 h5 17. d5 exd5 18. Nxd5 Qc8 19. f3 Rc2 20.
Nxe7 Kxe7 21. Qe3 Kf7 22. fxe4 Qc6 23. Qb3+ Be6 24. Qe3 Rxb2 25. Bf2 Rc8
26. a4 Rb4 27. Rd4 Rxd4 28. Qxd4 Qc3 29. Qxc3 Rxc3 30. a5 Bc4 31. Rb1 Bb5
32. Bb6 Rc2 33. Re1 Ke6 34. Bd4 Bc6 35. h3 Rc4 36. Bb6 Bxe4 37. Re2 f5 38.
Kf2 Rc3 39. h4 Ra3 40. Rd2 f4 41. Bc7 Kf5 42. Rb2 Rg3 43. Kf1 Rc3 44. Bd8
Rg3 45. Bg5 Kg6 46. Ke1 Ra3 47. Rb4 1/2-1/2